[Event "6th EICC"]
[Site "Warsaw POL"]
[Date "2005.06.29"]
[Round "11"]
[White "Fedorchuk,S"]
[Black "Mchedlishvili,M"]
[Result "0-1"]
[WhiteElo "2577"]
[BlackElo "2518"]

1.e4 d6 2.d4 Nf6 3.Nc3 e5 4.Nf3 Nbd7 5.Bc4 Be7 6.O-O O-O 7.Re1 c6 8.a4 a5
9.Ba2 Qc7 10.h3 h6 11.Nh4 Re8 12.Be3 Nf8 13.Qf3 Be6 14.Nf5 Bxf5 15.Qxf5 Bd8
16.Rad1 Ne6 17.dxe5 dxe5 18.Rd3 g6 19.Qf3 Kg7 20.Ne2 Ng5 21.Bxg5 hxg5 22.Red1 Qe7
23.Ng3 Qf8 24.Qe3 g4 25.Qg5 Nxe4 26.Nf5+ Kh8 27.Qxg4 Nf6 28.Qh4+ Nh7 29.Qe4 Nf6
30.Qh4+ Nh7 31.Qe4 gxf5 32.Qxf5 Bf6 33.Rd7 Rad8 34.Rxf7 Rxd1+ 35.Kh2 Bg7
36.Rxf8+ Rxf8 37.Qh5 Rd6 38.Qe2 Rdf6 39.f3 Rf4 40.Bc4 e4 41.fxe4 Be5 42.Kg1 Rf1+
43.Qxf1 Bd4+ 44.Kh2 Rxf1 45.Bxf1 Be5+ 46.Kg1 Bxb2 47.Kf2 Nf6 48.Ke3 Nd7 49.Bc4 Nc5
50.Bb3 Nxb3 51.cxb3 Be5 52.g4 Kg7 53.h4 b5 54.Kd3 Kf7 55.Kc2 bxa4 56.bxa4 Bg3
57.h5 Kf6 58.Kd3 Kg5 59.Kd4 Bd6 60.e5 Bf8 61.e6 Kf6 62.Ke4 Kxe6 63.g5 Be7
64.Kf4 Bd6+ 65.Ke4 c5 66.h6 Bf8 67.Kf4 Kf7 68.Kf5 Kg8 69.Ke5 Kh7 70.Kd5 Be7
71.Kc4 Bxg5 72.Kb5 Bd2 73.Kxc5 Kxh6 74.Kc4 Bb4 75.Kb3 Kg5  0-1

[Event "2nd RUS Pupils Summer Girls"]
[Site "Satka RUS"]
[Date "2005.06.30"]
[Round "4"]
[White "Minina,V"]
[Black "Kharashuta,E"]
[Result "1/2-1/2"]
[WhiteElo "2059"]
[BlackElo "2162"]

1.d4 d6 2.e4 Nf6 3.Nc3 e5 4.Nf3 Nbd7 5.Bc4 Be7 6.O-O O-O 7.Qe2 c6 8.a4 exd4
9.Nxd4 Re8 10.Bg5 Bf8 11.Qd2 h6 12.Bh4 Nxe4 13.Nxe4 Qxh4 14.Nf5 Qxe4 15.Rfe1 Qxf5
16.Rxe8 d5 17.Bd3 Qf6 18.Rae1 Qd6 19.Rd8 g5 20.Ree8 Kg7 21.c3 Be7 22.Rg8+ Kf6
23.Rxc8 Rxc8 24.Rxc8 Nf8 25.Qe3 c5 26.h4 Qe6 27.hxg5+ hxg5 28.Rc7 c4 29.Bc2 Qxe3
30.fxe3 Ne6 31.Rxb7 Bc5 32.Kf2 Bb6 33.a5 Bxa5 34.Rxa7 Bc7 35.Ba4 Ke7 36.Bc6 Kd6
37.Be8 Ke7 38.Ba4 Kd6 39.Bc2 Ke5 40.Rb7 f5 41.Rb5 Bd6 42.Ra5 Bc5 43.Kf3 Bb6
44.Rb5 Bc5 45.g4 fxg4+ 46.Kxg4 Bxe3 47.Bf5 Nc7 48.Rb7 Kd6 49.Kf3 Bc1 50.Kg4 Kc6
51.Rb8 Na6 52.Ra8 Kb7 53.Rxa6 Kxa6 54.Be6  1/2-1/2

[Event "FSGM July"]
[Site "Budapest HUN"]
[Date "2005.07.02"]
[Round "1"]
[White "Boros,De"]
[Black "Lorscheid,G"]
[Result "1/2-1/2"]
[WhiteElo "2443"]
[BlackElo "2285"]

1.e4 d6 2.d4 Nf6 3.Nc3 e5 4.Nf3 Nbd7 5.Bc4 Be7 6.O-O O-O 7.Re1 c6 8.a4 b6
9.b3 a6 10.Bb2 Rb8 11.Bd3 Qc7 12.Ne2 d5 13.exd5 e4 14.dxc6 Qxc6 15.d5 Qb7
16.Nc3 exd3 17.Rxe7 Nxd5 18.Nxd5 Qxd5 19.Re3 Nc5 20.c4 Qh5 21.Be5 Ra8 22.Bd6 Rd8
23.Be7 Bf5 24.Bxd8 Rxd8 25.a5 Qh6 26.Re5 Be4 27.b4 f6 28.Re7 Kf8 29.Ra7 Ne6
30.Qe1 f5 31.Nd2 Nd4 32.Nxe4 Nc2 33.Qc3 Nxa1 34.Nd2 Nc2 35.axb6 Nd4 36.Qa1 Qxd2
37.b7 Qxb4 38.h4 d2 39.Ra8 Nc6 40.Qd1 Qxb7 41.Rxd8+ Nxd8 42.Qxd2 Ne6 43.Qa5 g6
44.Qe5 Kf7 45.h5 Qb1+ 46.Kh2 Qe4 47.Qh8 Qh4+ 48.Kg1 Qxh5 49.Qc8 Qd1+ 50.Kh2 Qd6+
51.Kg1 Nc5 52.Qh8 h5 53.Qh7+ Kf6 54.Qh8+ Kg5 55.Qe8 Ne4 56.f3 Ng3 57.Qe3+ f4
58.Qe1 Qc5+ 59.Kh2 a5 60.Qd1 Nf5 61.Qd8+ Ne7 62.Qe8 Qd6 63.Qb5+ Nf5 64.c5 Qd1
65.c6 Kh4 66.Qe5 Qd6 67.Qc3 a4 68.c7 Ne7 69.Qe1+ Kg5 70.Qxe7+ Qxe7 71.c8=Q a3
72.Qa8 Qd6 73.Qa7 Kf6 74.Qa8 Ke7 75.Qa5 Kd7 76.Qa7+ Kc6 77.Qa6+ Kd5 78.Qd3+ Ke5
79.Qe4+ Kf6 80.Qa4 g5 81.Qa8 Qc5 82.Kh3 Ke6 83.Qe8+ Kd6 84.Qb8+ Kc6 85.Qe8+ Kb6
86.Qb8+ Ka5 87.Kh2 Qd5 88.Qf8 Ka4 89.Qe8+ Kb4 90.Qe1+ Kb3 91.Qb1+ Ka4 92.Qc2+ Kb4
93.Qb1+ Qb3 94.Qe4+ Kc3 95.Qe5+ Kc2 96.Qe2+ Kb1 97.Qe4+ Ka1 98.Qe5+ Qb2 99.Qe1+ Ka2
100.Qe6+ Kb1 101.Qe4+ Qc2 102.Qe1+ Qc1 103.Qe4+ Kb2 104.Qe2+ Kc3 105.Qe5+ Kd3
106.Qe4+ Kd2 107.Qd4+ Ke2 108.Qe4+ Kf1 109.Qd3+ Kf2 110.Qd4+ Qe3 111.Qa4 g4
112.Qc2+ Ke1 113.Qb1+ Kd2 114.Qa2+ Kd1 115.Qb1+ Qc1 116.Qd3+ Ke1 117.Qe4+ Kf1
118.Qd3+ Kf2 119.Qd4+ Qe3 120.Qc4 g3+ 121.Kh3 Qd2 122.Qxf4 Qd7+ 123.Kh4 Qe7+
124.Kh3 a2 125.Qd4+ Qe3 126.Qb2+ Qe2  1/2-1/2

[Event "FSGM July"]
[Site "Budapest HUN"]
[Date "2005.07.02"]
[Round "1"]
[White "Boros,De"]
[Black "Lorscheid,G"]
[Result "1/2-1/2"]
[WhiteElo "2402"]
[BlackElo "2284"]

1.e4 d6 2.d4 Nf6 3.Nc3 e5 4.Nf3 Nbd7 5.Bc4 Be7 6.O-O O-O 7.Re1 c6 8.a4 b6
9.b3 a6 10.Bb2 Rb8 11.Bd3 Qc7 12.Ne2 d5 13.exd5 e4 14.dxc6 Qxc6 15.d5 Qb7
16.Nc3 exd3 17.Rxe7 Nxd5 18.Nxd5 Qxd5 19.Re3 Nc5 20.c4 Qh5 21.Be5 Ra8 22.Bd6 Rd8
23.Be7 Bf5 24.Bxd8 Rxd8 25.a5 Qh6 26.Re5 Be4 27.b4 f6 28.Re7 Kf8 29.Ra7 Ne6
30.Qe1 f5 31.Nd2 Nd4 32.Nxe4 Nc2 33.Qc3 Nxa1 34.Nd2 Nc2 35.axb6 Nd4 36.Qa1 Qxd2
37.b7 Qxb4 38.h4 d2 39.Ra8 Nc6 40.Qd1 Qxb7 41.Rxd8+ Nxd8 42.Qxd2 Ne6 43.Qa5 g6
44.Qe5 Kf7 45.h5 Qb1+ 46.Kh2 Qe4 47.Qh8 Qh4+ 48.Kg1 Qxh5 49.Qc8 Qd1+ 50.Kh2 Qd6+
51.Kg1 Nc5 52.Qh8 h5 53.Qh7+ Kf6 54.Qh8+ Kg5 55.Qe8 Ne4 56.f3 Ng3 57.Qe3+ f4
58.Qe1 Qc5+ 59.Kh2 a5 60.Qd1 Nf5 61.Qd8+ Ne7 62.Qe8 Qd6 63.Qb5+ Nf5 64.c5 Qd1
65.c6 Kh4 66.Qe5 Qd6 67.Qc3 a4 68.c7 Ne7 69.Qe1+ Kg5 70.Qxe7+ Qxe7 71.c8=Q a3
72.Qa8 Qd6 73.Qa7 Kf6 74.Qa8 Ke7 75.Qa5 Kd7 76.Qa7+ Kc6 77.Qa6+ Kd5 78.Qd3+ Ke5
79.Qe4+ Kf6 80.Qa4 g5 81.Qa8 Qc5 82.Kh3 Ke6 83.Qe8+ Kd6 84.Qb8+ Kc6 85.Qe8+ Kb6
86.Qb8+ Ka5 87.Kh2 Qd5 88.Qf8 Ka4 89.Qe8+ Kb4 90.Qe1+ Kb3 91.Qb1+ Ka4 92.Qc2+ Kb4
93.Qb1+ Qb3 94.Qe4+ Kc3 95.Qe5+ Kc2 96.Qe2+ Kb1 97.Qe4+ Ka1 98.Qe5+ Qb2 99.Qe1+  1/2-1/2

[Event "VISUS Open"]
[Site "Prague CZE"]
[Date "2005.07.02"]
[Round "1"]
[White "Havlik,J"]
[Black "Zikmund,D"]
[Result "1-0"]
[WhiteElo "2185"]
[BlackElo "1993"]

1.e4 d6 2.d4 Nf6 3.Nc3 c6 4.Bd3 e5 5.dxe5 dxe5 6.Nf3 Qc7 7.Bg5 Be7 8.Qd2 Be6
9.Nh4 h6 10.Be3 Nxe4 11.Nxe4 Bxh4 12.Bc5 Be7 13.Qb4 b6 14.Bd6 f6 15.O-O-O Kf7
16.Bc4 Qd7 17.Bxe7 Qxe7 18.Nd6+ Kg8 19.Qb3 Bxc4 20.Qxc4+ Kh7 21.Nf5 Qe8 22.Rd6 Qg6
23.g4 a5 24.Ne7 Qg5+ 25.Kb1 Re8 26.Qe4+ f5 27.gxf5 Qf4 28.Qg2 Rxe7 29.Qg6+  1-0

[Event "Pivdenny Bank Geller Mem"]
[Site "Odessa UKR"]
[Date "2005.07.03"]
[Round "8"]
[White "Fingerov,D"]
[Black "Klinova,M"]
[Result "1-0"]
[WhiteElo "2361"]
[BlackElo "2391"]

1.e4 d6 2.d4 Nf6 3.Nc3 c6 4.Bg5 Nbd7 5.Nf3 e5 6.Bc4 Be7 7.a4 O-O 8.O-O h6
9.Be3 Re8 10.h3 Bf8 11.Re1 exd4 12.Bxd4 Qc7 13.Qd2 Ne5 14.Be2 Be6 15.Rad1 a5
16.Nh2 Bc8 17.f4 Ned7 18.Bf3 Be7 19.Nf1 Nc5 20.Ng3 Be6 21.Qf2 Na6 22.Kh2 Nb4
23.Re2 Bc4 24.Red2 d5 25.e5 Nh7 26.Nf5 Bf8 27.Bb6 Qb8 28.b3 Ba6 29.Nb1 c5
30.c3 Nc6 31.Bxd5 Ne7 32.Nd6 Nxd5 33.Rxd5 Re6 34.Qd2 f6 35.Rxc5 Bxd6 36.exd6 Re2
37.Qd5+ Kh8 38.d7 Qxf4+ 39.Kh1 Ng5 40.Rc8+  1-0

[Event "Pivdenny Bank Geller Mem"]
[Site "Odessa UKR"]
[Date "2005.07.03"]
[Round "9"]
[White "Golubev,M"]
[Black "Beim,V"]
[Result "0-1"]
[WhiteElo "2517"]
[BlackElo "2512"]

1.e4 d6 2.d4 Nf6 3.Nc3 e5 4.Nf3 Nbd7 5.Bc4 Be7 6.O-O O-O 7.a4 c6 8.Re1 Qc7
9.h3 b6 10.Nh4 g6 11.Nf3 exd4 12.Nxd4 Bb7 13.Ba2 Rad8 14.Qe2 Rfe8 15.Bxf7+ Kxf7
16.Qc4+ d5 17.exd5 Ne5 18.Rxe5 Qxe5 19.dxc6+ Kg7 20.Ne6+ Kh8 21.Bf4 Ba6 22.Bxe5 Bxc4
23.Nxd8 Rxd8 24.c7 Rf8 25.Ne4 Ba6 26.Rd1 Kg8 27.Nxf6+ Bxf6 28.Bxf6 Rxf6 29.Rd8+ Rf8
30.g4 h6 31.Kh2 Kf7 32.Rd7+ Ke6 33.Rg7 Rxf2+ 34.Kg3 Rf6 35.c8=Q+ Bxc8 36.Rxa7 Kd6
37.h4 Re6 38.Kf4 Kd5 39.g5 Re4+ 40.Kf3 Rxh4 41.gxh6 Rxh6 42.a5 bxa5 43.Rxa5+ Kc6
44.b4 Bf5 45.Rc5+ Kb6 46.c4 Rh4 47.Rb5+ Kc6 48.Rc5+ Kd6 49.Rd5+ Ke6 50.Rc5 Bd3
51.Rc6+ Kd7 52.b5 Rxc4 53.Ke3 Rxc6 54.bxc6+ Kxc6 55.Kxd3 Kd5 56.Ke3 Ke5  0-1

[Event "2nd RUS Pupils Summer Girls"]
[Site "Satka RUS"]
[Date "2005.07.03"]
[Round "6"]
[White "Vazirova,K"]
[Black "Ivanova,T"]
[Result "0-1"]
[WhiteElo "2113"]
[BlackElo "2043"]

1.e4 d6 2.d4 Nf6 3.Nc3 e5 4.dxe5 dxe5 5.Qxd8+ Kxd8 6.Bc4 Be6 7.Bxe6 fxe6
8.Be3 Bd6 9.Nf3 Ke7 10.O-O-O a6 11.Nd2 Nbd7 12.f3 b5 13.Nb3 Rhb8 14.Na5 Kf7
15.Nc6 Rc8 16.Rd2 b4 17.Na4 a5 18.c4 bxc3 19.Nxc3 Ra6 20.Na7 Rb8 21.Nab5 Bb4
22.Rhd1 Ke7 23.Rc2 Rb7 24.a3 Bc5 25.Bxc5+ Nxc5 26.Kb1 a4 27.Ka2 Nb3 28.f4 exf4
29.Nd4 Ng4 30.Rd3 Ne3 31.Rf2 Nc5 32.Rdd2 Nc4 33.Rc2 Nd3 34.Rfe2 Ne3 35.Rxe3 fxe3
36.Nce2 Rab6 37.Ka1 Rxb2 38.Rxb2 Rxb2 39.Nc6+ Kd6 40.Ncd4 e5 41.Nf5+ Ke6
42.Nfg3 Rd2 43.Kb1 Nf4  0-1

[Event "2nd RUS Pupils Summer Girls"]
[Site "Satka RUS"]
[Date "2005.07.03"]
[Round "6"]
[White "Sadykova,A"]
[Black "Kharashuta,E"]
[Result "0-1"]
[WhiteElo "2173"]
[BlackElo "2162"]

1.d4 d6 2.e4 Nf6 3.Nc3 e5 4.dxe5 dxe5 5.Qxd8+ Kxd8 6.Bc4 Be6 7.Bxe6 fxe6
8.f3 a6 9.Nh3 Bb4 10.Bd2 Ke7 11.Nf2 Nbd7 12.O-O-O Rhf8 13.Nd3 Bd6 14.Be3 c5
15.Rd2 Rac8 16.Rhd1 b5 17.Bg5 Rc6 18.f4 h6 19.fxe5 Bxe5 20.Nxe5 Nxe5 21.Bf4 Nc4
22.Re2 g5 23.Be3 Nxe3 24.Rxe3 Ng4 25.Red3 Rc7 26.Rd6 Nf2 27.R1d2 b4 28.Rxa6 bxc3
29.bxc3 Nxe4 30.Re2 Rf1+ 31.Kb2 Rb7+ 32.Ka3 Nd6  0-1

[Event "2nd RUS Pupils Summer Girls"]
[Site "Satka RUS"]
[Date "2005.07.03"]
[Round "6"]
[White "Gvilava,M"]
[Black "Chernova,A"]
[Result "0-1"]
[WhiteElo "2022"]
[BlackElo "2081"]

1.e4 d6 2.d4 Nf6 3.Nc3 e5 4.dxe5 dxe5 5.Qxd8+ Kxd8 6.Bg5 Be6 7.O-O-O+ Nd7
8.Nf3 Bd6 9.Bb5 Kc8 10.Nd2 a6 11.Bc4 b5 12.Bxe6 fxe6 13.f3 Nb6 14.Be3 Kb7
15.Nb3 Nc4 16.Bf2 Nd7 17.Rd3 Kc6 18.Rhd1 g5 19.Nb1 a5 20.N3d2 Nxd2 21.Nxd2 a4
22.a3 Rab8 23.Rc3+ Kb7 24.Nb1 Ra8 25.Rcd3 Rhg8 26.Nc3 Kc6 27.Na2 g4 28.Nb4+ Kb7
29.g3 Raf8 30.Rc3 Rxf3 31.Rxf3 gxf3 32.Rd3 Rf8 33.c3 Nb8 34.Kd2 Nc6 35.Ke1 Na5
36.Rd2 Nc4 37.Rc2 Bxb4 38.cxb4 Rf7 39.Bc5 Rd7 40.Kf2 Rd3 41.g4 Rb3 42.h4 Nxb2
43.g5 Nd1+ 44.Kg3 f2+ 45.Kg2 Rg3+  0-1

[Event "VISUS Open"]
[Site "Prague CZE"]
[Date "2005.07.04"]
[Round "3"]
[White "Taborsky,R"]
[Black "Hausner,I"]
[Result "0-1"]
[WhiteElo "2204"]
[BlackElo "2432"]

1.e4 d6 2.d4 Nf6 3.Nc3 c6 4.a4 Nbd7 5.g3 e5 6.Nge2 Be7 7.Bg2 h5 8.h3 Qc7
9.a5 Rb8 10.Be3 b5 11.axb6 axb6 12.d5 Bb7 13.O-O O-O 14.Nc1 Ra8 15.Rxa8 Rxa8
16.dxc6 Bxc6 17.N1a2 Nxe4 18.Nd5 Bxd5 19.Qxd5 Ra4 20.Bxe4 Nf6 21.Qb3 Rxe4
22.Nc3 Rc4 23.Ra1 Qc6 24.Ra7 Bf8 25.Nb5 Nd5 26.c3 Nxe3 27.fxe3 d5 28.Rc7 Qg6
29.Kf2 Qf5+ 30.Ke2 Qxh3 31.Rxc4 Qg2+ 32.Ke1 Qxg3+ 33.Kf1 Qf3+ 34.Ke1 Qxe3+  0-1

[Event "LXVIII ch-CRC"]
[Site "San Jose Julio CRC"]
[Date "2005.07.05"]
[Round "3"]
[White "Hernandez Basante,F"]
[Black "Gonzalez,Be CRC"]
[Result "0-1"]
[WhiteElo "2265"]
[BlackElo "2405"]

1.d4 d6 2.e4 Nf6 3.Nc3 e5 4.Nf3 exd4 5.Nxd4 g6 6.Bg5 Bg7 7.Qd2 h6 8.Be3 d5
9.exd5 Nxd5 10.Nxd5 Qxd5 11.Be2 Qxg2 12.O-O-O O-O 13.Bxh6 Bxh6 14.Qxh6 Qh3
15.Qg5 Nc6 16.Rd3 Qh8 17.Nxc6 bxc6 18.Bg4 Rb8 19.c3 Rb5 20.Qf4 Bxg4 21.Qxg4 Rfb8
22.b3 Qf6 23.Qd4 Qg5+ 24.Qe3 Re8 25.Qxg5 Rxg5 26.Kd2 Kg7 27.Re1 Rh8 28.Re7 Rf5
29.Ke2 Rxh2 30.Rf3 Rxf3 31.Kxf3 Rh3+ 32.Kg2 Rxc3 33.Rxc7 a5 34.Ra7 Rc5 35.Kf3 g5
36.Kg2 Kg6 37.a3 Rb5 38.a4 Rc5 39.Rb7 Kf6 40.b4 axb4 41.Rxb4 Ke5 42.Rb3 Ra5
43.Re3+ Kd4 44.Rf3 f5 45.Rh3 c5 46.Rh5 c4 47.Rxg5 c3 48.Rg7 c2  0-1

[Event "2nd RUS Pupils Summer Girls"]
[Site "Satka RUS"]
[Date "2005.07.05"]
[Round "8"]
[White "Prudnikova,E"]
[Black "Kharashuta,E"]
[Result "0-1"]
[WhiteElo "2150"]
[BlackElo "2162"]

1.e4 d6 2.d4 Nf6 3.Nc3 e5 4.dxe5 dxe5 5.Qxd8+ Kxd8 6.Bc4 Be6 7.Bxe6 fxe6
8.f3 a6 9.Be3 Bb4 10.O-O-O+ Nbd7 11.Nge2 Ke7 12.a3 Bd6 13.Kb1 b5 14.Rd3 Rhb8
15.Na2 a5 16.Rc1 Nb6 17.Bxb6 Rxb6 18.Rcd1 Nd7 19.b3 Nc5 20.R3d2 Nb7 21.Kb2 c5
22.Nac3 a4 23.bxa4 b4 24.axb4 cxb4 25.Nb5 Rxa4 26.Nxd6 Nxd6 27.Rxd6 Rxd6
28.Rxd6 Kxd6 29.Nc1 Kc5 30.Nd3+ Kd4 31.Kb3 Ra1 32.Nxb4 Rb1+ 33.Ka3 Kc3 34.Na2+ Kxc2
35.h4 Ra1 36.g4 Rf1 37.Nb4+ Kc3 38.Na2+ Kc4  0-1

[Event "2nd RUS Pupils Summer Boys"]
[Site "Satka RUS"]
[Date "2005.07.05"]
[Round "8"]
[White "Konovalov,N"]
[Black "Nechepurenko,R"]
[Result "0-1"]
[WhiteElo "2416"]
[BlackElo "2402"]

1.d4 d6 2.e4 Nf6 3.Nc3 Nbd7 4.Nf3 e5 5.g3 Be7 6.Bg2 O-O 7.O-O c6 8.h3 b5
9.a3 a6 10.Qe2 Re8 11.Be3 Qc7 12.Rfe1 Bf8 13.Rad1 Bb7 14.Nh4 exd4 15.Bxd4 c5
16.Bxf6 Nxf6 17.Qd2 Re6 18.Nf5 Rae8 19.f3 b4 20.axb4 cxb4 21.Ne2 d5 22.exd5 Bxd5
23.Kh2 Bb7 24.Nfd4 Re5 25.Nf4 Rxe1 26.Rxe1 Rxe1 27.Qxe1 h5 28.h4 a5 29.Nd3 Qb6
30.Nf5 g6 31.Ne3 a4 32.Nc4 Qd4 33.Nce5 a3 34.c3 bxc3 35.bxa3 Bxa3 36.Qb1 Bd6
37.Nxf7 Qxh4+ 38.Kg1 Qd4+ 39.Kh2 Bxf3 40.Bxf3 Qh4+ 41.Kg1 Qxg3+ 42.Bg2 Kxf7  0-1

[Event "DS"]
[Site "Brno CZE"]
[Date "2005.07.06"]
[Round "7"]
[White "Pridal,O"]
[Black "Chytilek,R"]
[Result "1-0"]
[WhiteElo "2178"]
[BlackElo "2418"]

1.e4 d6 2.d4 Nf6 3.Nc3 Nbd7 4.Nf3 e5 5.Bc4 Be7 6.O-O O-O 7.h3 c6 8.a4 Qc7
9.Re1 b6 10.Qd3 a6 11.Nh4 exd4 12.Qxd4 Nc5 13.Nf5 Bxf5 14.exf5 d5 15.Bf1 Nce4
16.b4 a5 17.Bb2 axb4 18.Nxe4 dxe4 19.Rxe4 Rfd8 20.Rxe7 Qxe7 21.Qxb6 c5 22.a5 Nd5
23.Qb5 Ra7 24.a6 Nc7 25.Qc4 Ne8 26.Ra5 Rc7 27.g4 h5 28.Qf4 Rd1 29.Ra1 Rxa1
30.Bxa1 c4 31.Be5 Rc6 32.g5 c3 33.f6 Qd7 34.Bb5 b3 35.Bxc6 Qxc6 36.cxb3 c2
37.Qc1 Qc5 38.a7 Qxa7 39.Qxc2 Qa5 40.Qc3 Qd5 41.fxg7 h4 42.b4 Qd1+ 43.Kh2 Qd5
44.Qc5 Qf3 45.Qf8+  1-0

[Event "VISUS Open"]
[Site "Prague CZE"]
[Date "2005.07.06"]
[Round "5"]
[White "Benes,Pa"]
[Black "Zikmund,D"]
[Result "1-0"]
[WhiteElo "1859"]
[BlackElo "1993"]

1.e4 d6 2.d4 Nf6 3.Nc3 c6 4.f4 Qa5 5.Bd3 e5 6.Nf3 Bg4 7.Be3 Nbd7 8.O-O Be7
9.Qd2 Bxf3 10.gxf3 h6 11.Kh1 g5 12.dxe5 gxf4 13.Bxf4 dxe5 14.Be3 O-O-O 15.Nd5 Nxd5
16.Qxa5 Nxe3 17.Rg1 Rhg8 18.b4 f5 19.Qxa7 f4 20.Rxg8 Rxg8 21.b5 c5 22.Rg1 Rxg1+
23.Kxg1 c4 24.Bf1 Nxc2 25.Qa8+ Kc7 26.Qa5+ Nb6 27.Qc3 Bc5+ 28.Kh1 Nd4 29.Bxc4 Kd6
30.Bf1 Ne6 31.Qd2+ Bd4 32.Qg2 Ng5 33.h4 Nf7 34.Qg6+ Ke7 35.Bh3 Nd8 36.Qxh6 Nc4
37.Qg5+ Ke8 38.Qg8+  1-0

[Event "2nd RUS Pupils Summer Girls"]
[Site "Satka RUS"]
[Date "2005.07.06"]
[Round "9"]
[White "Cherepovskaya,M"]
[Black "Ivanova,T"]
[Result "0-1"]
[WhiteElo "2075"]
[BlackElo "2043"]

1.e4 d6 2.d4 Nf6 3.Nc3 e5 4.Nf3 Nbd7 5.Bc4 Be7 6.O-O O-O 7.a3 c6 8.Ba2 b5
9.d5 c5 10.Nxb5 Nxe4 11.c4 a6 12.Nc3 Nxc3 13.bxc3 f5 14.Rb1 h6 15.Bb3 Qe8
16.Ba4 Qg6 17.Nd2 Nf6 18.Re1 Ne4 19.Nxe4 fxe4 20.Be3 Bg4 21.Re2 Rab8 22.Bb3 Qh5
23.f3 exf3 24.Rf2 fxg2 25.Qd2 Rxf2 26.Bxf2 Bg5 27.Qe1 Bf4 28.Bg3 Bxg3 29.Qxg3 Bh3
30.Rb2 Rxb3 31.Rxb3 Qd1+ 32.Kf2 Qf1+  0-1

[Event "34th TCh-GRE"]
[Site "Ermioni Argolidas GRE"]
[Date "2005.07.07"]
[Round "4"]
[White "Makka,I"]
[Black "Bosboom Lanchava,T"]
[Result "1/2-1/2"]
[WhiteElo "2243"]
[BlackElo "2363"]

1.e4 d6 2.d4 Nf6 3.Nc3 Nbd7 4.Nf3 e5 5.Bc4 Be7 6.O-O O-O 7.Re1 c6 8.a4 a5
9.b3 h6 10.Bb2 Nh7 11.dxe5 dxe5 12.Ne2 Bb4 13.Rf1 Qc7 14.Ng3 Re8 15.Nh4 Nb6
16.Bd3 g6 17.h3 Be6 18.Nf3 Nd7 19.Qe2 Ng5 20.Nh2 h5 21.h4 Nh7 22.Bc4 Ndf8
23.Nf3 Bg4 24.Qe3 Bxf3 25.Qxf3 Ne6 26.Ne2 Rab8 27.Qg3 Bd6 28.Rad1 Rbd8 29.Qf3 Qe7
30.g3 Rb8 31.Bc3 Bc7 32.Ba1 Nf6 33.Bb2 Ng4 34.Kg2 Rbd8 35.Bc1 Rxd1 36.Rxd1 Bb6
37.Rf1 Rd8 38.c3 Rd7 39.Ng1 Kg7 40.Nh3 f6 41.Qe2 Nc7 42.Rd1 Bc5 43.Rxd7 Qxd7
44.f3 Nh6 45.Qd2 Qxd2+ 46.Bxd2 b5 47.Nf2 Nf7 48.Nd1 Nd6 49.Ne3 Ne6 50.Bd3 Ba7
51.axb5 cxb5 52.Nd5 a4 53.bxa4 bxa4 54.Bc1 Nc5 55.Be2 Nb3 56.Bb2 Nd2 57.Nb4 N6c4
58.Bc1 Bc5 59.Na2 Ne3+ 60.Kh3 Nb3 61.Bxe3 Bxe3 62.Bd1 Kf7 63.c4 Bd2 64.g4 Ke6
65.Kg2 Kd6 66.gxh5 gxh5 67.f4 Kc5 68.fxe5 fxe5 69.Bxh5 Nc1 70.Nxc1 Bxc1 71.Bd1 Kb4
72.c5 a3 73.c6 a2 74.c7 a1=Q 75.c8=Q Qa2+ 76.Bc2 Bf4 77.Qc6 Qg8+ 78.Kf1 Be3
79.Qd6+ Bc5 80.Qd2+ Kb5 81.Qd3+ Kb4 82.Qd2+ Kb5 83.Qd3+  1/2-1/2

[Event "Open A"]
[Site "Klatovy CZE"]
[Date "2005.07.07"]
[Round "6"]
[White "Smejc,J"]
[Black "Kellner,P"]
[Result "0-1"]
[WhiteElo "1855"]
[BlackElo "1943"]

1.e4 d6 2.d4 Nf6 3.Nc3 c6 4.h3 Qa5 5.Bd3 e5 6.Ne2 Be7 7.O-O O-O 8.Kh1 Re8
9.f4 Bf8 10.dxe5 dxe5 11.f5 Nbd7 12.Qe1 Nc5 13.Qh4 Nxd3 14.cxd3 Nd7 15.Bg5 f6
16.Be3 Qc7 17.g4 b6 18.g5 Ba6 19.Rg1 Kh8 20.g6 h6 21.Bxh6 gxh6 22.g7+ Bxg7
23.Rxg7 Kxg7 24.Rg1+ Kf7 25.Qxh6 Ke7 26.Rg7+ Kd8 27.Qg6 Qd6 28.h4 Qxd3 29.Kg2 Qd2
30.Kf2 Rh8 31.Rg8+ Kc7 32.Rxa8 Rxa8 33.Qg7 Bxe2 34.Nxe2 Qxb2 35.Qf7 Rh8 36.h5 Qb4
37.Ke3 Qa3+ 38.Kd2 Qh3 39.Nc3 Qxh5 40.Qc4 Qh2+  0-1

[Event "34th TCh-GRE"]
[Site "Ermioni Argolidas GRE"]
[Date "2005.07.08"]
[Round "6"]
[White "Asrian,K"]
[Black "Azmaiparashvili,Z"]
[Result "1/2-1/2"]
[WhiteElo "2611"]
[BlackElo "2672"]

1.e4 d6 2.d4 Nf6 3.Nc3 e5 4.Nf3 Nbd7 5.Bc4 Be7 6.O-O O-O 7.Re1 c6 8.a4 b6
9.d5 cxd5 10.Nxd5 Bb7 11.b3 Rc8 12.Re2 Nxd5 13.Bxd5 Bxd5 14.Qxd5 Nf6 15.Qd1 d5
16.exd5 Qxd5 17.Qxd5 Nxd5 18.c4 Nc3 19.Re3 e4 20.Bb2 Bc5 21.Rxc3 exf3 22.Rxf3 Rcd8
23.Bc3 a5 24.Re1 Rd7 25.g3 f6 26.Kg2 Kf7 27.h4 Rfd8 28.h5 Rd3 29.Rc1 Ke6
30.Re1+ Kf7 31.Rc1 Ke6 32.Re1+ Kf7  1/2-1/2

[Event "ch-BEL"]
[Site "Aalst BEL"]
[Date "2005.07.09"]
[Round "8"]
[White "Maenhout,T"]
[Black "Dutreeuw,M"]
[Result "1/2-1/2"]
[WhiteElo "2150"]
[BlackElo "2361"]

1.e4 d6 2.d4 Nf6 3.Nc3 e5 4.f4 Bg4 5.Be2 exd4 6.Qxd4 Bxe2 7.Ngxe2 Nc6 8.Qd3 Qd7
9.a3 g6 10.O-O Bg7 11.b4 a6 12.Bb2 O-O 13.Rad1 Rad8 14.Ng3 Rfe8 15.Nd5 Nxd5
16.Bxg7 Nxf4 17.Qc3 Qg4 18.Bh6 Ne6 19.Qf6 Ne5 20.Rd5 c6 21.Rd2 Nc4 22.Rdf2 Nxa3
23.Rf4 Qxf4 24.Rxf4 Rd7 25.Nf5 Nxc2 26.Bf8 gxf5 27.exf5 Nxf8 28.h4 Ne3 29.h5 Nd5
30.Rg4+ Ng6 31.Qg5 Re1+ 32.Kf2 Re5 33.hxg6 fxg6 34.Kg1 Ne3 35.Rf4 Rxf5 36.Rxf5 Nxf5
37.g4 Nd4 38.Qe3 Rf7 39.Qxd4 d5 40.Qe5 Kf8 41.g5 Kg8 42.Kg2 Kf8 43.Kg3 Kg8
44.Kg4 Kf8 45.Qb8+ Kg7 46.Qc8 Re7 47.Qd8  1/2-1/2

[Event "FSGM July"]
[Site "Budapest HUN"]
[Date "2005.07.09"]
[Round "8"]
[White "Kristjansson,St"]
[Black "Lorscheid,G"]
[Result "1-0"]
[WhiteElo "2459"]
[BlackElo "2285"]

1.e4 d6 2.d4 Nf6 3.Nc3 e5 4.dxe5 dxe5 5.Qxd8+ Kxd8 6.Bc4 Ke8 7.Nf3 Bd6 8.Bg5 Nbd7
9.O-O-O a6 10.a4 h6 11.Bh4 g5 12.Bg3 Ke7 13.h4 g4 14.Nd2 h5 15.Rhe1 Re8 16.Nf1 Kf8
17.Ne3 Nb6 18.Bb3 Bb4 19.f3 gxf3 20.gxf3 Bd7 21.Rd3 Rac8 22.Bf2 Bxc3 23.Rxc3 Nxa4
24.Bxa4 Bxa4 25.Nf5 b6 26.Be3 Ng8 27.Rg1 Bd7 28.Ng7 Re7 29.Nxh5 f6 30.Ng3 Rh7
31.h5 Ne7 32.f4 exf4 33.Bxf4 Nc6 34.Rd1 Ke7 35.h6 Ne5 36.Nf5+ Bxf5 37.exf5 Kf8
38.Rd6 Rf7 39.Rxb6  1-0

[Event "34th TCh-GRE"]
[Site "Ermioni Argolidas GRE"]
[Date "2005.07.09"]
[Round "7"]
[White "Hadzimanolis,A"]
[Black "Dimitrov,A"]
[Result "1-0"]
[WhiteElo "2317"]
[BlackElo "2298"]

1.e4 d6 2.d4 Nf6 3.Nc3 e5 4.Nf3 Nbd7 5.Bc4 Be7 6.O-O O-O 7.Qe2 c6 8.a4 b6
9.Rd1 Qc7 10.Bg5 h6 11.Be3 Nxe4 12.Nxe4 d5 13.Nxe5 Nxe5 14.dxe5 Qxe5 15.Bxd5 cxd5
16.Nc3 Bd6 17.g3 Be6 18.Qf3 Bc5 19.Nxd5 Bxd5 20.Qxd5 Qxb2 21.Bxc5 bxc5 22.c4 Rac8
23.a5 Rfe8 24.Rab1 Qf6 25.Rb7 Re2 26.Rf1 Re5 27.Rxf7 Qxf7 28.Qxe5 Qxc4 29.Rb1 Qf7
30.a6 c4 31.Rb7 Qf6 32.Qd5+ Kh8 33.Rxa7 Rf8 34.Qd2 c3 35.Qc2 Re8 36.Rc7 Qxa6
37.Qxc3 Qg6 38.Rc6 Qb1+ 39.Kg2 Qe4+ 40.Qf3 Qxf3+ 41.Kxf3 Rf8+ 42.Kg2 Kh7
43.Rc7 h5 44.Rc5 g6 45.f4 Ra8 46.Rc2 Ra3 47.Kh3 Kh6 48.Kh4 Ra5 49.Rc6 Kg7
50.Re6 Rb5 51.Re5 Rb2 52.Kg5 Rxh2 53.Re7+ Kf8 54.Kf6 Rh3 55.Rh7 Ke8 56.Kxg6 Rxg3+
57.Kf6 Rg8 58.f5 Rf8+ 59.Ke6 Kd8 60.f6 Re8+ 61.Kd6 Re1 62.Rh8+ Re8 63.Rxh5 Re1
64.Rh8+ Re8 65.Rxe8+ Kxe8 66.Ke6  1-0

[Event "20th North Sea Cup"]
[Site "Esbjerg DEN"]
[Date "2005.07.09"]
[Round "9"]
[White "Lindfeldt,J"]
[Black "Govashelishvili,G"]
[Result "0-1"]
[WhiteElo "2293"]
[BlackElo "2389"]

1.e4 d6 2.d4 Nf6 3.Nc3 Nbd7 4.f4 e5 5.dxe5 dxe5 6.fxe5 Nxe5 7.Qxd8+ Kxd8
8.Nf3 Nfd7 9.Nd5 Bd6 10.Bg5+ f6 11.Bh4 Ng6 12.Bg3 Bxg3+ 13.hxg3 c6 14.Nf4 Nde5
15.O-O-O+ Kc7 16.Nd4 Kb6 17.Be2 Bg4 18.Rde1 Rae8 19.Nf5 Bxf5 20.exf5 Ne7
21.g4 Nd5 22.Ne6 Re7 23.Rh3 a6 24.c4 Nc7 25.c5+ Ka7 26.Nxc7 Rxc7 27.Rd1 h6
28.b4 Kb8 29.Re3 Re7 30.Re4 Kc7 31.Red4 Rhe8 32.R1d2 Rd7 33.Bd1 Rxd4 34.Rxd4 Nd7
35.Kd2 a5 36.a3 axb4 37.axb4 Ra8 38.Kc3 Ra2 39.Rd2 Ra3+ 40.Bb3 Ne5 41.Kb2 Ra8
42.Rd4 b6 43.cxb6+ Kxb6 44.Be6 Ra7 45.Bb3 Kb5 46.Kc3 Ra1 47.Rd1 Rxd1 48.Bxd1 c5
49.Be2+ Kc6 50.bxc5 Kxc5 51.Bf3 h5 52.Ba8 hxg4 53.g3 Nf7 54.Kd3 Nd6 55.Ke3 Nxf5+
56.Kf2 Nh6 57.Be4 Kd4 58.Bg6 Kd5 59.Bc2 Ke6 60.Bg6 Kd6 61.Ke3  0-1

[Event "DMP 1st League"]
[Site "Koszalin POL"]
[Date "2005.07.10"]
[Round "7"]
[White "Hermanowicz,D"]
[Black "Kohut,A"]
[Result "1-0"]
[WhiteElo "2079"]
[BlackElo "2065"]

1.e4 d6 2.d4 Nf6 3.Nc3 c6 4.f4 Qb6 5.Nf3 Bg4 6.Be2 e6 7.h3 Bxf3 8.Bxf3 d5
9.Qd3 Na6 10.Be3 Qxb2 11.Rb1 Qa3 12.Rb3 Qa5 13.O-O Bb4 14.Bd2 O-O 15.e5 Nd7
16.a3 Bxc3 17.Bxc3 Qc7 18.f5 exf5 19.Qxf5 b5 20.Bd2 Nb6 21.Be2 Qd7 22.Qh5 Qe8
23.Rg3 f5 24.exf6 Qxh5 25.Rxg7+ Kh8 26.Bxh5 Rxf6 27.Rxf6 Kxg7 28.Rxc6 Rc8
29.Rxc8 Nxc8 30.Be2 Nd6 31.a4 Nc4 32.axb5 Nc7 33.Bxc4 dxc4 34.b6 axb6 35.Kf2 Nb5
36.Ke3 Na3 37.c3 Nb1 38.Be1 Kf6 39.Ke4 Ke6 40.d5+ Kd6 41.Kd4 Na3 42.Bg3+ Kd7
43.Bf4 b5 44.Kc5 h5 45.g4 hxg4 46.hxg4 Nc2 47.Kxb5 Ne1 48.Kxc4 Ng2 49.Bd2 Nh4
50.Kd3 Nf3 51.Bf4  1-0